[Event "Yingmei CHN-chT 2018"]
[Site "Guangdong"]
[Date "2018.11.29"]
[Round "21"]
[White "Wang, Yu A."]
[Black "Ren, Xiaoyi"]
[Result "1/2-1/2"]
[WhiteElo "2379"]
[BlackElo "2427"]
[Annotator "TA"]
[PlyCount "67"]
[EventDate "2018.07.09"]
[EventType "team-tourn"]
[EventCountry "CHN"]
[SourceTitle "playchess.com"]
[Source "ChessBase"]
[SourceQuality "1"]

{[%evp 21,67,116,115,116,116,111,122,106,108,107,114,109,111,103,108,107,112,85,90,92,88,72,71,61,58,0,76,89,91,75,69,63,55,48,64,33,39,35,36,20,39,16,22,0,0,0,10,0]} 1. e4 e5 2. Nf3 Nf6 3. Nc3 Nc6 4. d4 exd4 5. Nxd4 Bc5 6. Be3 Nxd4 7. Bxd4 Bxd4 8. Qxd4 d6 9. O-O-O O-O 10. e5 Ng4 11. exd6 Qxd6 12. Qxd6 {C45: Scotch Game} cxd6 {[#]} 13. Rd2 $1 Rd8 14. h3 {White is better.} Nf6 15. Be2 Bf5 $146 ({Predecessor:} 15... Bd7 16. Rxd6 Bc6 17. Rxd8+ Rxd8 18. Rg1 a6 19. g3 Kf8 {1-0 (41) Luch,M (2387)-Palecek,P (2252) Banska Stiavnica 2010}) 16. Bf3 Rd7 17. g4 Be6 18. Rhd1 Rad8 19. Nb5 {[%cal Rb5d6]} d5 20. Nd4 h6 21. c3 Rd6 22. Nb5 Rb6 23. Nd4 Rbd6 $1 24. Bg2 Bd7 25. Nc2 Bc6 26. Ne3 R6d7 27. Nf5 Kf8 28. Nd4 Re8 29. f3 Rde7 30. Nf5 Re1 31. Rxe1 Rxe1+ {The position is equal.} 32. Rd1 Re2 33. Rd2 Re1+ 34. Rd1 {Accuracy: White = 41%, Black = 84%.} 1/2-1/2

[Event "Yingmei CHN-chT 2018"]
[Site "Guangdong"]
[Date "2018.11.29"]
[Round "21"]
[White "Xiao, Yiyi"]
[Black "Ding, Yixin"]
[Result "1/2-1/2"]
[WhiteElo "2375"]
[BlackElo "2089"]
[Annotator "TA"]
[PlyCount "77"]
[EventDate "2018.07.09"]
[EventType "team-tourn"]
[EventCountry "CHN"]
[SourceTitle "playchess.com"]
[Source "ChessBase"]
[SourceQuality "1"]

{[%evp 15,77,0,0,0,3,-3,0,9,33,-18,12,9,31,36,28,37,29,29,36,35,30,26,22,24,24,24,35,18,56,27,39,31,33,41,59,29,41,17,17,17,12,0,36,17,75,73,106,67,64,62,60,61,45,48,44,0,0,0,0,0,0,0,0,0]} 1. d4 Nf6 2. c4 e6 3. g3 Bb4+ 4. Nd2 d5 5. Bg2 O-O 6. Ngf3 b6 7. O-O Bb7 8. cxd5 exd5 9. a3 {E16: Queen's Indian: 4 g3 Bb7 5 Bg2 Bb4+} (9. Qb3 Bd6 10. Nb1 Re8 11. Nc3 c6 12. Bf4 Na6 13. Bxd6 Qxd6 14. Rfd1 Nc7 15. e3 Nd7 16. Rac1 Rad8 {½-½ (57) Esipenko,A (2581)-Parligras,M (2642) Batumi 2018}) 9... Bd6 10. Ne5 Nbd7 11. Ndc4 Be7 12. Bf4 $146 (12. Ne3 $14) ({Predecessor:} 12. b4 Ne4 13. Nxd7 Qxd7 14. Ne5 Qe6 15. Bb2 c6 16. Nd3 a5 17. bxa5 Rxa5 {1-0 (57) Gurevich,D (2507)-Zoler,D (2455) Rishon Le Ziyyon 2006}) 12... Nxe5 13. Nxe5 Nd7 14. Rc1 Nxe5 15. Bxe5 Bd6 16. Bxd6 Qxd6 17. Qc2 c6 18. Rfd1 h6 19. e4 dxe4 20. Bxe4 Rac8 {[%cal Ba8c8,Bc8c7,Bc7d7,Bd7d6][%mdl 32]} 21. b4 a6 22. Qb3 Rfd8 23. a4 {[%cal Ba3a4,Ba4a5][%mdl 32]} Rc7 24. a5 b5 25. Qc3 Qf6 26. Rd3 {[%cal Bd1d3,Bd3f3,Bf3f4][%mdl 32]} Rcd7 {[%cal Rd7d4]} 27. Rcd1 Rd6 28. Qc5 R8d7 29. Bg2 (29. h4 {looks sharper.} Rd8 30. Rf3 Qe6 31. Re3 Qf6 32. Bc2) 29... g6 (29... Rd8 $11 {remains equal.}) 30. h4 $16 h5 31. Rf3 Qd8 {[%cal Rd6d4]} 32. Rf4 $1 Re7 33. Rd3 Bc8 34. Re3 Be6 $1 35. Qg5 ({Not} 35. Bxc6 $2 Rc7 $19) 35... Red7 {The position is equal.} 36. Qh6 Qf8 37. Qg5 Qd8 38. Qh6 Qf8 39. Qg5 {Accuracy: White = 48%, Black = 51%.} 1/2-1/2

[Event "Yingmei CHN-chT 2018"]
[Site "Guangdong"]
[Date "2018.11.29"]
[Round "21"]
[White "Zhao, Shengxin"]
[Black "Ni, Shiqun"]
[Result "1/2-1/2"]
[WhiteElo "2360"]
[BlackElo "2435"]
[Annotator "TA"]
[PlyCount "118"]
[EventDate "2018.07.09"]
[EventType "team-tourn"]
[EventCountry "CHN"]
[SourceTitle "playchess.com"]
[Source "ChessBase"]
[SourceQuality "1"]

{[%evp 18,118,-26,-29,-29,-23,-29,-20,-20,-30,-13,-29,0,-14,-7,-10,8,18,29,16,29,14,31,13,30,38,29,-81,-52,-149,-24,-160,-17,-23,0,0,23,-10,-12,-13,0,-27,-27,-51,-47,-61,-45,-49,-45,-56,-39,-46,-34,-54,-64,-72,-72,-87,-47,-72,-69,-91,-91,-91,-91,-112,-91,-91,-91,-91,-91,-91,-91,-91,-91,-120,-120,-152,-125,-179,-152,-176,-91,-139,-91,-91,-91,-91,-91,-91,-39,-58,-58,-58,-58,-58,-58,-58,-58,-58,-58,-58,-58]} 1. d4 d5 2. Bf4 Nf6 3. e3 c5 4. c3 Nc6 5. Nd2 Bf5 6. Ngf3 {D00: 1 d4 d5: Unusual lines} Qb6 (6... e6 7. Nh4 Be4 8. Nhf3 Bf5 9. Nh4 Be4 10. Qb3 Qc8 11. Nhf3 Bf5 12. Be2 Be7 13. O-O O-O 14. h3 h6 15. Rfe1 c4 16. Qd1 b5 {1-0 (66) Grachev,B (2626)-Najer,E (2663) Moscow 2018}) 7. Qb3 c4 8. Qxb6 axb6 9. a3 h6 10. h3 {LiveBook: 5 Games} e6 11. g4 Bh7 12. Bg2 $146 ({Predecessor:} 12. Ne5 Nxe5 13. dxe5 {1-0 (41) De Silva,E (1928)-Sandeepa,H (1723) Colombo 2016}) 12... b5 13. O-O Be7 14. Ne5 O-O 15. Bg3 Rfd8 16. Rfe1 Nxe5 17. Bxe5 Nd7 18. Bg3 Nf6 19. Rac1 Rac8 20. f3 {[%cal Bf2f3,Bf3f4][%mdl 32]} Nd7 21. f4 Nb6 {White should prevent ...Na4.} 22. Re2 (22. e4 $11) 22... Na4 23. Nf3 {[#]} (23. Nb1 $15) 23... Bd6 (23... Nxb2 $1 $17 {[%mdl 512]} 24. Rxb2 Bxa3) 24. Kh2 {[#]} (24. Ra1 $11) 24... Ra8 (24... Nxb2 $1 $17 {[%mdl 512] Strongly threatening ...Nd3.} 25. Rxb2 Bxa3) 25. Ra1 $11 f6 26. Rf2 Bc7 27. Rd2 Kf7 {[%cal Bg8f7,Bf7e7,Be7d7,Bd7c6][%mdl 32]} 28. Rf2 Ke7 29. Rd2 Kd7 30. Ng1 Kc6 31. Ne2 Rd7 32. Rf1 Re8 33. Rfd1 Bd3 34. Nc1 Bg6 35. Bf3 Rh8 36. h4 h5 37. g5 Bf5 38. Re1 Be4 39. Bxe4 dxe4 40. Ne2 f5 41. Kg2 Nb6 42. Kf2 Nd5 43. Red1 g6 44. Bh2 Ra8 45. Rc1 Bd6 46. Bg3 Rdd8 47. Rb1 Ra4 48. Rc2 (48. Bh2 $17 {was necessary.}) 48... Rda8 $1 $19 49. Bh2 {[#]} Ne7 (49... Bxa3 $1 $19 {[%mdl 512]} 50. bxa3 Rxa3) 50. Nc1 Kd5 51. Bg3 Nc6 52. Ke2 Na5 53. Be1 Nb3 ({Better is} 53... Ra6 $17) 54. Kd1 {Black is slightly better.} Nxc1 55. Kxc1 Kc6 56. Bd2 R4a7 57. Be1 Bc7 58. Bg3 Bb6 59. Kd2 Rd8 {Precision: White = 47%, Black = 43%.} 1/2-1/2

[Event "Yingmei CHN-chT 2018"]
[Site "Guangdong"]
[Date "2018.11.29"]
[Round "21"]
[White "Wang, Jue"]
[Black "Gunina, Valentina"]
[Result "1/2-1/2"]
[WhiteElo "2351"]
[BlackElo "2561"]
[Annotator "TA"]
[PlyCount "55"]
[EventDate "2018.07.09"]
[EventType "team-tourn"]
[EventCountry "CHN"]
[SourceTitle "playchess.com"]
[Source "ChessBase"]
[SourceQuality "1"]

{[%evp 14,55,20,16,37,18,30,19,33,20,22,23,36,31,46,51,49,27,31,35,37,29,50,22,41,20,39,36,59,47,54,54,55,50,52,43,52,0,52,0,52,0,62,0]} 1. e4 c6 2. Nf3 d5 3. Nc3 Bg4 4. h3 Bxf3 5. Qxf3 e6 6. d4 dxe4 7. Qxe4 {B11: Caro-Kann: Two Knights Variation} Nf6 8. Qd3 {LiveBook: 104 Games} Nd5 9. Ne4 $146 ({Predecessor:} 9. a3 Be7 10. Ne2 O-O 11. g3 Nd7 12. Bg2 e5 13. O-O exd4 14. Nxd4 Bf6 {½-½ (58) Vallejo Pons,F (2697)-Illescas Cordoba,M (2601) Don Benito 2012}) 9... Nd7 10. Be2 N7f6 11. c3 Nxe4 12. Qxe4 Bd6 13. O-O Qf6 14. g3 O-O-O 15. Qf3 Rhe8 16. Qxf6 Nxf6 17. Bf3 h6 18. h4 Kc7 19. Re1 a6 20. Kg2 Kc8 21. Bd2 Bc7 22. Rad1 Rd7 23. Bc1 Red8 24. Kg1 Kb8 25. Kg2 Kc8 $1 26. Kg1 Kb8 27. Kg2 Kc8 $1 28. Kg1 {Accuracy: White = 31%, Black = 43%.} (28. a3 $14) 1/2-1/2

[Event "Yingmei CHN-chT 2018"]
[Site "Guangdong"]
[Date "2018.11.29"]
[Round "21"]
[White "Lan, Zilun"]
[Black "Li, Yankai"]
[Result "1/2-1/2"]
[WhiteElo "2346"]
[BlackElo "2423"]
[Annotator "TA"]
[PlyCount "60"]
[EventDate "2018.07.09"]
[EventType "team-tourn"]
[EventCountry "CHN"]
[SourceTitle "playchess.com"]
[Source "ChessBase"]
[SourceQuality "1"]

{[%evp 18,60,-11,-12,-10,-15,-12,-12,-12,-13,0,0,0,0,0,0,0,0,0,0,0,-6,-6,-8,-7,-7,0,0,0,0,0,0,0,0,0,0,0,0,0,0,0,0,0,0,0]} 1. d4 Nf6 2. Nf3 {[%cal Bg1f3,Bf3d4,Bd4c2][%mdl 32]} c5 3. c4 cxd4 4. Nxd4 e5 5. Nc2 d5 6. cxd5 Qxd5 7. Qxd5 Nxd5 8. e4 Nb4 9. Nxb4 Bxb4+ 10. Bd2 {The position is equal.} Bxd2+ {A31: Symmetrical English: 2 Nf3 Nf6 3 d4} 11. Nxd2 Ke7 12. Bc4 Nc6 13. Nb3 $146 ({Predecessor:} 13. Rc1 Rd8 14. Nf3 Bg4 15. Bd5 Bxf3 16. gxf3 Nd4 17. Kd2 Ne6 18. Ke3 {0-1 (45) Ftacnik,L (2548)-Salem,A (2628) Baku 2016}) 13... Be6 (13... Bd7 {feels hotter.} 14. Rc1 Rac8 15. a3 Nd8 16. Kd2 Be6) 14. Bxe6 Kxe6 15. Rc1 Rac8 16. Nc5+ Ke7 17. Nxb7 Nb4 $1 18. Ke2 (18. O-O {seems wilder.} Nxa2 19. Rcd1 Rb8 20. Nd6 Rhd8 21. Nc4) 18... Nxa2 19. Rxc8 Rxc8 $11 {[%mdl 4096] Endgame KRN-KRN} 20. Rd1 Nb4 21. Na5 Nc6 22. Nxc6+ Rxc6 {KR-KR} 23. Ra1 Rc2+ 24. Kf3 Rxb2 25. Rxa7+ Kf6 26. Ra6+ Ke7 27. Ra7+ Kf6 28. Ra6+ Ke7 29. Ra7+ Kf6 30. Ra6+ Ke7 {Accuracy: White = 92%, Black = 80%.} 1/2-1/2

[Event "Yingmei CHN-chT 2018"]
[Site "Guangdong"]
[Date "2018.11.29"]
[Round "21"]
[White "Xu, Minghui"]
[Black "Dai, Changren"]
[Result "0-1"]
[WhiteElo "2334"]
[BlackElo "2464"]
[Annotator "TA"]
[PlyCount "66"]
[EventDate "2018.07.09"]
[EventType "team-tourn"]
[EventCountry "CHN"]
[SourceTitle "playchess.com"]
[Source "ChessBase"]
[SourceQuality "1"]

{[%evp 13,66,25,20,20,31,16,9,13,29,18,10,29,10,7,20,31,1,22,20,12,6,0,0,0,0,0,0,0,0,0,0,0,0,0,0,0,7,0,0,0,0,-11,0,-37,-47,-133,-130,-148,-30,-174,-171,-213,-197,-209,-190]} 1. d4 Nf6 2. c4 e6 3. Nf3 Bb4+ 4. Bd2 a5 5. g3 d5 6. Qc2 dxc4 {E11: Bogo-Indian} (6... O-O 7. Bg2 c5 8. cxd5 cxd4 9. Nxd4 Qb6 10. e3 Nxd5 11. O-O Bd7 12. Nc3 Nf6 13. a3 Be7 14. Qb3 Qxb3 15. Nxb3 {1-0 (51) Cori Tello,J (2618)-Bachmann,A (2653) Medellin 2017}) 7. Qxc4 b6 {LiveBook: 6 Games} 8. Bxb4 {[#] And now Ba3 would win.} Ba6 {The position is equal.} 9. Qb3 axb4 10. Qxb4 Nc6 11. Qd2 Bb7 $1 12. Nc3 $146 Nxd4 13. Qxd4 Qxd4 14. Nxd4 Bxh1 15. f3 $1 e5 16. Ndb5 O-O-O 17. Bh3+ Kb7 18. Kf2 c6 19. Na3 b5 {Threatens to win with ...Bxf3!} 20. Nc2 Rd2 21. Rc1 $1 Rhd8 {aiming for ...e4.} 22. Kg1 Nd5 {White must now prevent ...Nxc3.} 23. Ne4 $1 {[%cal Re4d2]} Rxe2 24. Kxh1 {Strongly threatening Bf1.} Ne3 25. Nxe3 Rxe3 26. Nc5+ Kb6 27. Rc2 Rd5 28. b4 Rxf3 29. Kg2 (29. a4 $1 $15) 29... Ra3 $17 30. Kf2 f6 (30... Ra7 $17 31. Ke3 Rd6) 31. Ne6 {[#]} (31. Nd7+ $1 $11 {and White is okay.} Ka7 32. Rxc6 Rxa2+ 33. Ke3) 31... g6 $1 $19 {Black is clearly better.} 32. Bg2 Rd6 33. Nc5 {If White can now play Ne4 this consolidates a bit.} f5 {Accuracy: White = 55%, Black = 80%.} 0-1

[Event "Yingmei CHN-chT 2018"]
[Site "Guangdong"]
[Date "2018.11.29"]
[Round "21"]
[White "Gong, Qianyun"]
[Black "Tan, Zhongyi"]
[Result "1/2-1/2"]
[WhiteElo "2328"]
[BlackElo "2319"]
[Annotator "TA"]
[PlyCount "55"]
[EventDate "2018.07.09"]
[EventType "team-tourn"]
[EventCountry "CHN"]
[SourceTitle "playchess.com"]
[Source "ChessBase"]
[SourceQuality "1"]

{[%evp 22,55,-29,-40,-24,-44,-28,-31,-26,-27,-17,-24,0,0,-9,-4,10,15,10,15,20,0,12,13,9,8,0,50,246,54,75,120,94,0,0,0]} 1. d4 d5 2. Bf4 Nf6 3. e3 e6 4. Nf3 c5 5. c3 Nc6 6. Nbd2 Bd6 7. Bg3 O-O 8. Bd3 b6 9. e4 {D02: 1 d4 d5 2 Nf3 sidelines, including 2...Nf6 3 g3 and 2...Nf6 3 Bf4} Be7 10. e5 Nh5 11. a3 (11. Nf1 cxd4 12. Nxd4 Nxd4 13. cxd4 g6 14. Ne3 f5 15. exf6 Bxf6 16. Be2 Nxg3 17. hxg3 {½-½ (37) Nakamura,H (2787)-Svidler,P (2760) Moscow 2018}) 11... a5 12. Qe2 {LiveBook: 9 Games} Bd7 13. Rd1 Rb8 $146 ({Predecessor:} 13... g6 14. Qe3 c4 15. Bc2 b5 16. Bf4 Nxf4 17. Qxf4 {1-0 (49) Sahil,T (2229)-Peycheva,G (2144) Nis 2017}) 14. Ng5 Bxg5 ({Don't blunder} 14... Nxg3 $2 15. Bxh7+ Kh8 16. Nxf7+ $1 {[%mdl 512]} Rxf7 17. hxg3 $18) 15. Qxh5 {[%csl Gd3][%cal Rh5h7]} g6 16. Qe2 h5 {[%cal Bh7h5,Bh5h4][%mdl 32]} 17. Nf3 cxd4 18. cxd4 h4 19. Nxg5 Qxg5 20. f4 $36 {[%mdl 2048] White is more active.} Nxd4 {Hoping for ...Qh6.} 21. Qe3 Qg4 {aiming for ...Ba4.} 22. Qxd4 {Strongly threatening Be2.} hxg3 23. hxg3 Qxg3+ {[%mdl 64] Double Attack} 24. Kf1 $1 Rfd8 $2 {[#]} (24... Rbc8 $1 $14) 25. Rh3 $2 ({White has to play} 25. Re1 $1 $18 {[%cal Re1e3]} Kg7 26. Rh3) 25... Qg4 $14 26. Be2 {[%mdl 1024] White has strong compensation.} Qf5 {[#]} 27. Bd3 (27. Qd2 $1 $16) 27... Qg4 $11 28. Be2 {Accuracy: White = 56%, Black = 58%.} 1/2-1/2

[Event "Yingmei CHN-chT 2018"]
[Site "Guangdong"]
[Date "2018.11.29"]
[Round "21"]
[White "Ushenina, Anna"]
[Black "Ning, Kaiyu"]
[Result "1-0"]
[WhiteElo "2325"]
[BlackElo "2513"]
[Annotator "TA"]
[PlyCount "91"]
[EventDate "2018.07.09"]
[EventType "team-tourn"]
[EventCountry "CHN"]
[SourceTitle "playchess.com"]
[Source "ChessBase"]
[SourceQuality "1"]

{[%evp 22,91,28,26,23,41,85,16,42,42,44,-2,54,46,56,49,51,72,86,76,81,83,79,72,87,43,77,39,30,44,43,36,39,20,18,0,0,-11,-7,-8,-7,-12,-10,-8,0,-25,0,0,0,0,0,0,0,0,0,-238,-235,-306,-278,-250,132,142,147,125,129,115,435,379,29996,29997,29997,29998]} 1. d4 d5 {[%cal Bd7d5,Bd5c4][%mdl 32]} 2. c4 e6 3. Nf3 Nf6 4. g3 dxc4 5. Bg2 Nc6 6. O-O Rb8 7. e3 b5 8. b3 {E04: Open Catalan: 5 Nf3} cxb3 9. axb3 Be7 10. Qe2 O-O 11. Bd2 Bb7 12. Rc1 {LiveBook: 3 Games} Qc8 13. Ne1 Nd5 14. Nd3 (14. Qxb5 $16 Ba8 15. Qc4) 14... a6 15. Be1 Rd8 16. Nd2 {[#]} Ndb4 (16... e5 $1 $11 {[%mdl 512]}) 17. Nc5 $14 Bxc5 18. Rxc5 Ne7 19. Ne4 {[%mdl 1024] White has compensation.} Nbd5 20. Rac1 Rd7 21. R5c2 Ba8 22. h4 Nb6 23. Ra1 {Black must now prevent Nc5.} Rd8 24. Qh5 {Ng5 is the strong threat.} Bxe4 25. Bxe4 f5 26. Bg2 Nbd5 27. Qe2 (27. Ba5 {feels hotter.} Rd6 28. Rac1 c6 29. Qd1 Ra8 30. Qd2) 27... Rb6 28. f3 Rc6 29. e4 Rxc2 30. Qxc2 Ne3 31. Qc5 Nxg2 32. Kxg2 Rd7 33. Rc1 fxe4 34. fxe4 Qb7 35. Qe5 Rd6 {Threatens to win with ...Ng6.} 36. d5 Ng6 37. Qg5 $40 {[%mdl 128] Hoping for h5. White attacks.} exd5 {[%cal Be6d5,Bd5d4][%mdl 32]} 38. e5 $2 (38. Bb4 $11 h6 39. Qf5) 38... d4+ $19 39. Kh2 Rd5 40. Bb4 {And now Bd6! would win.} Nxe5 $2 (40... c5 $19 41. Rxc5 Nxe5) 41. Qe7 $16 {[%csl Gb4][%cal Re7f8]} Nf3+ {[#]} 42. Kg2 $1 {[%csl Gb4][%cal Re7f8]} Nxh4+ 43. Kg1 {[%csl Gb4][%cal Re7f8]} Nf3+ $2 {[%mdl 8192]} (43... Qa8 $16 {is a better chance.} 44. Rxc7 (44. gxh4 Qc8 $16) 44... Rd7 45. Qe6+ Kh8) 44. Kf2 $18 {[%csl Gb4][%cal Re7f8]} Qa8 $2 (44... h6 $18) 45. Rxc7 {[%csl Gc7][%cal Re7g7]} Rg5 46. Qe6+ {Precision: White = 39%, Black = 53%.} 1-0

[Event "Yingmei CHN-chT 2018"]
[Site "Guangdong"]
[Date "2018.11.29"]
[Round "21"]
[White "Zhai, Mo"]
[Black "Girya, Olga"]
[Result "0-1"]
[WhiteElo "2304"]
[BlackElo "2318"]
[Annotator "TA"]
[PlyCount "72"]
[EventDate "2018.07.09"]
[EventType "team-tourn"]
[EventCountry "CHN"]
[SourceTitle "playchess.com"]
[Source "ChessBase"]
[SourceQuality "1"]

{[%evp 23,72,0,3,-8,-19,-29,-13,-8,-10,-122,0,0,0,0,0,-43,0,0,0,-252,-154,-166,-164,-164,-152,-134,-155,-253,-264,-482,-503,-502,-530,-475,-515,-478,-519,-501,-504,-471,-449,-1020,-987,-965,-952,-29963,-12850,-29983,-29984,-29989,-29990]} 1. d4 Nf6 2. c4 e6 3. Nc3 Bb4 4. Nf3 d5 5. e3 O-O 6. Bd2 b6 7. cxd5 exd5 8. Rc1 {E51: Nimzo-Indian: Rubinstein: 4...0-0 5 Nf3 d5} Bb7 (8... Be7 9. Bd3 Bb7 10. O-O c5 11. dxc5 bxc5 12. Re1 Nc6 13. Bb1 Re8 14. e4 dxe4 15. Nxe4 Nd4 {½-½ (54) Vitiugov,N (2730)-Inarkiev,E (2690) Satka 2018}) 9. Bd3 Re8 10. O-O Bf8 11. Ne5 c5 12. f4 Nc6 {LiveBook: 3 Games} 13. Be1 cxd4 14. exd4 Nxd4 15. Bh4 Ne6 $146 ({Predecessor:} 15... Bc5 16. Kh1 Qd6 17. Bb1 {1-0 (37) Briao,P-Schuh,G ICCF corr 1990}) 16. Bb5 {[#]} (16. Kh1 $11 {remains equal.}) 16... Bc5+ (16... d4 $1 $17 {[%cal Rd4c3]} 17. Bxe8 Qxe8) 17. Kh1 $15 d4 $1 {[%cal Rd4c3]} 18. Bxe8 Qxe8 19. Bxf6 $1 {Threatens to win with f5.} gxf6 20. Ng4 Kg7 {And now ...Qc6 would win.} 21. Na4 $2 {[%mdl 8192]} (21. b4 $11 {and White stays safe.} Bxb4 22. f5) 21... h5 {Strongly threatening ...Bd6.} 22. Nxc5 bxc5 23. Nxf6 Kxf6 $40 {[%mdl 128] Black has strong attack.} 24. Qxh5 {[#] Black must now prevent f5.} Qh8 $1 25. Qxh8+ (25. Qe5+ $17 Ke7 26. Rxc5 Qxe5 27. Rxe5) 25... Rxh8 $19 26. f5 $2 (26. Kg1) 26... Ng5 27. Rxc5 Ne4 28. Rc7 Ng3+ {[%mdl 64] Double Attack} 29. Kg1 Nxf1 30. Rxb7 {[%mdl 4096] Endgame KRN-KR} Ne3 31. Rd7 Nxf5 32. g4 (32. Kf2 $142) 32... Ke6 33. Rxa7 Ne3 34. Ra6+ Ke5 35. Ra7 d3 36. Rd7 Nd5 {Accuracy: White = 31%, Black = 97%.} 0-1

[Event "Yingmei CHN-chT 2018"]
[Site "Guangdong"]
[Date "2018.11.30"]
[Round "22"]
[White "Yu, Yangyi"]
[Black "Wen, Yang"]
[Result "1-0"]
[WhiteElo "2765"]
[BlackElo "2609"]
[Annotator "RC"]
[PlyCount "65"]
[EventDate "2018.07.09"]
[EventType "team-tourn"]
[EventCountry "CHN"]
[SourceTitle "playchess.com"]
[Source "ChessBase"]
[SourceQuality "1"]
[TimeControl "5400+30"]

1. d4 {[%emt 0:00:00]} Nf6 {[%emt 0:00:00]} 2. c4 {[%emt 0:00:00]} e6 {[%emt 0:00:00]} 3. g3 {[%emt 0:03:33]} d5 {[%emt 0:00:00]} 4. Bg2 {[%emt 0:00:06]} dxc4 {[%emt 0:00:00]} 5. Nf3 {[%emt 0:01:12]} Bd7 {[%emt 0:00:03]} 6. O-O {[%emt 0:03:08]} Bc6 {[%emt 0:04:29]} 7. Qc2 {[%emt 0:00:07]} Nbd7 {[%emt 0:06:15]} 8. Qxc4 {[%emt 0:02:29]} Bd5 {[%emt 0:00:06]} 9. Qd3 {[%emt 0:03:52]} Be4 {[%emt 0:00:33]} 10. Qd2 {[%emt 0:00:33]} c5 {[%emt 0:01:58]} 11. Nc3 {[%emt 0:00:07]} Bc6 {[%emt 0:00:18]} 12. Rd1 {[%emt 0:00:17]} Rc8 {[%emt 0:04:48]} 13. a3 {[%emt 0:03:17]} a6 {[%emt 0:10:00]} 14. e4 {[%emt 0:10:51]} Nxe4 {[%emt 0:06:52]} 15. Nxe4 {[%emt 0:02:12]} Bxe4 {[%emt 0:00:06]} 16. Qe2 {[%emt 0:00:59]} Bd5 {[%emt 0:01:56]} 17. dxc5 {[%emt 0:02:03]} Bb3 {[%emt 0:00:35]} 18. Bg5 {[%emt 0:02:54]} Qc7 {[%emt 0:23:49]} 19. c6 {[%emt 0:19:53]} bxc6 {[%emt 0:00:52]} 20. Nd4 {[%emt 0:05:00]} Bxd1 {[%emt 0:00:50]} 21. Rxd1 {[%emt 0:00:06]} Ne5 {[%emt 0:09:13]} 22. Bf4 {[%emt 0:12:43]} Bd6 {[%emt 0:01:32]} 23. Nxc6 {[%emt 0:01:29]} f6 {[%emt 0:00:50]} 24. Qxa6 {[%emt 0:01:55]} O-O {[%emt 0:09:08]} 25. b4 {[%emt 0:00:23]} Nxc6 {[%emt 0:03:30]} 26. Bxd6 {[%emt 0:00:35]} Qd7 {[%emt 0:00:02]} 27. b5 {[%emt 0:01:46]} Nb8 {[%emt 0:09:30]} 28. Qa5 {[%emt 0:00:36]} Rfd8 {[%emt 0:00:11]} 29. Bf3 {[%emt 0:00:15]} Qe8 {[%emt 0:00:24]} 30. b6 {[%emt 0:05:49]} Rd7 {[%emt 0:03:27]} 31. b7 {[%emt 0:00:11]} Rcd8 {[%emt 0:00:19]} 32. Qb6 {[%emt 0:06:04]} Qg6 {[%emt 0:00:11]} 33. Kg2 {[%emt 0:02:57]} 1-0